All BotW Items. - Statistics

General Stats
  • This quiz has been taken 51 times
  • The average score is 54 of 149
Answer Stats
Item Rupee Count % Correct
Apple 3πŸ’Ž
77%
Bokoblin Guts 20πŸ’Ž
68%
Bokoblin Horn 3πŸ’Ž
68%
Keese Wing 2πŸ’Ž
64%
Raw Meat 8πŸ’Ž
64%
Diamond 500πŸ’Ž
59%
Hylian Shroom 3πŸ’Ž
59%
Moblin Guts 25πŸ’Ž
59%
Moblin Horn 5πŸ’Ž
59%
Raw Prime Meat 15πŸ’Ž
59%
Hinox Toenail 20πŸ’Ž
55%
Lizalfos Horn 10πŸ’Ž
55%
Lizalfos Tail 28πŸ’Ž
55%
Lynel Guts 200πŸ’Ž
55%
Ruby 210πŸ’Ž
55%
Topaz 180πŸ’Ž
55%
Amber 30πŸ’Ž
50%
Big Hearty Truffle 15πŸ’Ž
50%
Chuchu Jelly 5πŸ’Ž
50%
Flint 5πŸ’Ž
50%
Hearty Truffle 6πŸ’Ž
50%
Hinox Guts 80πŸ’Ž
50%
Hydromelon 4πŸ’Ž
50%
Keese Eyeball 20πŸ’Ž
50%
Lynel Hoof 50πŸ’Ž
50%
Lynel Horn 40πŸ’Ž
50%
Raw Gourmet Meat 35πŸ’Ž
50%
Rushroom 3πŸ’Ž
50%
Sapphire 260πŸ’Ž
50%
Wood 2πŸ’Ž
50%
Cold Darner 2πŸ’Ž
45%
Hearty Durian 15πŸ’Ž
45%
Red Chuchu Jelly 10πŸ’Ž
45%
Warm Darner 2πŸ’Ž
45%
White Chuchu Jelly 10πŸ’Ž
45%
Yellow Chuchu Jelly 10πŸ’Ž
45%
Zapshroom 4πŸ’Ž
45%
Acorn 2πŸ’Ž
41%
Ancient Core 80πŸ’Ž
41%
Ancient Screw 12πŸ’Ž
41%
Armoranth 5πŸ’Ž
41%
Bokoblin Fang 8πŸ’Ž
41%
Hearty Radish 8πŸ’Ž
41%
Hot-Footed Frog 2πŸ’Ž
41%
Hylian Rice 3πŸ’Ž
41%
Ironshroom 5πŸ’Ž
41%
Mighty Bananas 5πŸ’Ž
41%
Moblin Fang 12πŸ’Ž
41%
Opal 60πŸ’Ž
41%
Razorshroom 5πŸ’Ž
41%
Sunshroom 4πŸ’Ž
41%
Swift Carrot 4πŸ’Ž
41%
Voltfruit 4πŸ’Ž
41%
Wildberry 3πŸ’Ž
41%
Ancient Gear 30πŸ’Ž
36%
Ancient Shaft 40πŸ’Ž
36%
Big Hearty Radish 15πŸ’Ž
36%
Chillshroom 4πŸ’Ž
36%
Electric Darner 2πŸ’Ž
36%
Electric Keese Wing 6πŸ’Ž
36%
Fairy 2πŸ’Ž
36%
Fire Keese Wing 6πŸ’Ž
36%
Fortified Pumpkin 5πŸ’Ž
36%
Giant Ancient Core 200πŸ’Ž
36%
Hyrule Bass 6πŸ’Ž
36%
Ice Keese Wing 6πŸ’Ž
36%
Lizalfos Talon 15πŸ’Ž
36%
Palm Fruit 4πŸ’Ž
36%
Raw Bird Drumstick 8πŸ’Ž
36%
Raw Whole Bird 35πŸ’Ž
36%
Rock Salt 2πŸ’Ž
36%
Stamella Shroom 5πŸ’Ž
36%
Staminoka Bass 18πŸ’Ž
36%
Armored Porgy 10πŸ’Ž
32%
Chickaloo Tree Nut 3πŸ’Ž
32%
Dinraal's Scale 150πŸ’Ž
32%
Endura Carrot 30πŸ’Ž
32%
Endura Shroom 6πŸ’Ž
32%
Farosh's Scale 150πŸ’Ž
32%
Fireproof Lizard 5πŸ’Ž
32%
Hearty Lizard 20πŸ’Ž
32%
Hearty Salmon 10πŸ’Ž
32%
Hinox Tooth 35πŸ’Ž
32%
Hyrule Herb 3πŸ’Ž
32%
Luminous Stone 70πŸ’Ž
32%
Mighty Carp 10πŸ’Ž
32%
Mighty Thistle 5πŸ’Ž
32%
Molduga Guts 110πŸ’Ž
32%
Naydra's Scale 150πŸ’Ž
32%
Raw Bird Thigh 15πŸ’Ž
32%
Shard of Dinraal's Horn 300πŸ’Ž
32%
Shard of Farosh's Horn 300πŸ’Ž
32%
Shard of Naydra's Horn 300πŸ’Ž
32%
Spicy Pepper 3πŸ’Ž
32%
Tabantha Wheat 3πŸ’Ž
32%
Voltfin Trout 6πŸ’Ž
32%
Ancient Spring 15πŸ’Ž
27%
Bird Egg 3πŸ’Ž
27%
Bladed Rhino Beetle 4πŸ’Ž
27%
Bright-Eyed Crab 10πŸ’Ž
27%
Chillfin Trout 6πŸ’Ž
27%
Courser Bee Honey 10πŸ’Ž
27%
Dinraal's Claw 180πŸ’Ž
27%
Farosh's Claw 180πŸ’Ž
27%
Goron Spice 4πŸ’Ž
27%
Hearty Bass 18πŸ’Ž
27%
Hearty Blueshell Snail 15πŸ’Ž
27%
Ironshell Crab 8πŸ’Ž
27%
Mighty Porgy 10πŸ’Ž
27%
Molduga Fin 30πŸ’Ž
27%
Naydra's Claw 180πŸ’Ž
27%
Razorclaw Crab 8πŸ’Ž
27%
Red Lizalfos Tail 35πŸ’Ž
27%
Restless Cricket 2πŸ’Ž
27%
Sanke Carp 20πŸ’Ž
27%
Silent Princess 10πŸ’Ž
27%
Silent Shroom 3πŸ’Ž
27%
Sizzlefin Trout 6πŸ’Ž
27%
Sneaky River Snail 6πŸ’Ž
27%
Star Fragment 300πŸ’Ž
27%
Stealthfin Trout 10πŸ’Ž
27%
Summerwing Butterfly 2πŸ’Ž
27%
Swift Violet 10πŸ’Ž
27%
Thunderwing Butterfly 2πŸ’Ž
27%
Winterwing Butterfly 2πŸ’Ž
27%
Yellow Lizalfos Tail 35πŸ’Ž
27%
Armored Carp 10πŸ’Ž
23%
Blue Nightshade 4πŸ’Ž
23%
Cool Safflina 3πŸ’Ž
23%
Electric Safflina 3πŸ’Ž
23%
Energetic Rhino Beetle 30πŸ’Ž
23%
Goat Butter 3πŸ’Ž
23%
Monster Extract 3πŸ’Ž
23%
Octorok Eyeball 25πŸ’Ž
23%
Shard of Dinraal's Fang 250πŸ’Ž
23%
Shard of Farosh's Fang 250πŸ’Ž
23%
Shard of Naydra's Fang 250πŸ’Ž
23%
Smotherwing Butterfly 2πŸ’Ž
23%
Sunset Firefly 2πŸ’Ž
23%
Tireless Frog 20πŸ’Ž
23%
Warm Safflina 3πŸ’Ž
23%
Fleet-Lotus Seeds 5πŸ’Ž
18%
Octo Balloon 5πŸ’Ž
18%
Octorok Tentacle 10πŸ’Ž
18%
Rugged Rhino Beetle 4πŸ’Ž
18%
Cane Sugar 3πŸ’Ž
14%
Fresh Milk 3πŸ’Ž
14%
Hightail Lizard 2πŸ’Ž
14%
Icy Lizalfos Tail 35πŸ’Ž
9%
No matching quizzes found
Score Distribution
Percent of People with Each Score
Percentile by Number Answered
Your Score History
You have not taken this quiz